Statistical yearbook compendium of the Republic of Cuba 1976

Salvato in:
Dettagli Bibliografici
Natura: Libro
Lingua:spagnolo
Pubblicazione: Habana State Committee for Statistics 1976
Tags: Aggiungi Tag
Nessun Tag, puoi essere il primo ad aggiungerne!!

MARC

LEADER 00000nam a2200000 4500
001 c142337
005 20180808125144.7
041 0 |a spa 
044 |a CU 
245 1 0 |a Statistical yearbook compendium of the Republic of Cuba 1976 
264 1 |a Habana  |b State Committee for Statistics  |c 1976 
300 |a 70 s.